A empirical comparison of cutoff score methods for content-related and criterion-related validity settings (Record no. 67659)

MARC details
000 -CABECERA
campo de control de longitud fija 00807nam a2200265 a 4500
005 - FECHA Y HORA DE LA ÚLTIMA TRANSACCIÓN
campo de control 20210219153053.0
008 - ELEMENTOS DE LONGITUD FIJA--INFORMACIÓN GENERAL
campo de control de longitud fija 991125n 000 0 u
035 ## - NÚMERO DE CONTROL DEL SISTEMA
Número de control de sistema UPN01000075763
100 ## - ASIENTO PRINCIPAL--NOMBRE PERSONAL
Nombre de persona Woehr, David J.
222 ## - TÍTULO CLAVE
Título clave EDUCATIONAL AND PSYCHOLOGICAL MEASUREMENT
245 ## - MENCIÓN DE TÍTULO
Título A empirical comparison of cutoff score methods for content-related and criterion-related validity settings
300 ## - DESCRIPCIÓN FÍSICA
Extensión 1029-1039
362 ## - FECHAS DE PUBLICACIÓN Y/O DESIGNACIÓN SECUENCIAL
Fecha de publicación y/o designación secuencial 51, No. 4, 1991
505 ## - NOTA DE CONTENIDO CON FORMATO PREESTABLECIDO
Nota de contenido con formato Junio 1992
653 0# - TERMINO DE INDIZACION - NO CONTROLADO
Término no controlado ESTUDIANTES NO GRADUADOS
653 0# - TERMINO DE INDIZACION - NO CONTROLADO
Término no controlado RECORTE DE PUNTUACIONES
653 0# - TERMINO DE INDIZACION - NO CONTROLADO
Término no controlado SCORING EVALUATORS
653 0# - TERMINO DE INDIZACION - NO CONTROLADO
Término no controlado TNER DECISION
653 0# - TERMINO DE INDIZACION - NO CONTROLADO
Término no controlado VALIDEZ CONCURRENTE
653 0# - TERMINO DE INDIZACION - NO CONTROLADO
Término no controlado VALIDEZ DEL CONTENIDO
700 ## - ASIENTO SECUNDARIO--NOMBRE DE PERSONAL
Nombre de persona Arthur, Winfred
700 ## - ASIENTO SECUNDARIO--NOMBRE DE PERSONAL
Nombre de persona Fehrmann, Melinda L.
904 ## - ELEMENTOS DE DATOS D LOCAL, LDD (RLIN)
a AC
b 013574
905 ## - TIPO DE MATERIAL
Tipo de material Articulo

No items available.